000 00937nam a2200241 i 4500
001 105430
003 ES-MaACL
005 20250730155720.0
007 t|
008 060711s1964 sp |||| | spa d
080 _a351.83/.84(460)"1868/74"
100 1 _aVergés, Oriol.
_9114110
245 1 3 _aLa I Internacional en las Cortes de 1871 /
_cOriol Vergés Mundó ; prólogo de Carlos Seco Serrano.
260 _aBarcelona :
_bCátedra de Historia General de España,
_c1964.
300 _aXV, 178 p. ;
_c22 cm.
594 _aPrecede al tít.: Universidad de Barcelona. Facultad de Filosofía y Letras.
651 4 _aEspaña-
_xPolítica social-
_yS.XIX
_98443
700 1 _aSeco Serrano, Carlos,
_d1923-2020
_9105054
710 2 _aUniversidad de Barcelona.
_bFacultad de Filosofía y Letras.
_97149
852 _aES-MaACL
_jAND-225
_z. - Biblioteca Juan Andrade
852 _aES-MaACL
_jE-9398
999 _c105430
_d105430